[Event "Roquebrune rapid"]
[Site "Roquebrune"]
[Date "1992.??.??"]
[Round "18"]
[White "Ljubojevic, Ljubomir"]
[Black "Ivanchuk, Vassily"]
[Result "1/2-1/2"]
[WhiteElo "2610"]
[BlackElo "2720"]
[Annotator "Ftacnik,L"]
[PlyCount "74"]
[EventDate "1992.02.??"]
[EventType "tourn (rapid)"]
[EventRounds "22"]
[EventCountry "FRA"]
[EventCategory "15"]
[SourceTitle "CBM 028"]
[Source "ChessBase"]
[SourceDate "1992.06.01"]
[SourceVersion "1"]
[SourceVersionDate "1992.06.01"]
[SourceQuality "1"]

1. c4 g6 2. d4 Nf6 3. g3 Bg7 4. Bg2 d5 5. cxd5 Nxd5 6. Nf3 O-O 7. O-O c5 8. Na3
cxd4 {N} (8... Nb4 9. dxc5 N8a6 10. Nc4 Qxd1 11. Rxd1 Be6 12. Ne3 Bxa2 13. c6
bxc6 14. Nd4 c5 15. Nc6 Rae8 16. Rd7 $146 {Bradford-Gutman,L/Lone Pine/1981/})
9. Nxd4 Nc6 10. Nxc6 (10. Nb3 Nb6 $10) 10... bxc6 11. Nc4 Ba6 12. Qc2 (12. Qa4
Bb5 13. Qb3 Rb8 $36) 12... Rb8 (12... Nb4 13. Qb3 Rb8 14. Bf4 $13) 13. a3 Nc3
$1 14. Bf4 $6 (14. bxc3 Bxc4 15. Bxc6 Qa5 $15) 14... Bxc4 $1 15. Bxb8 Nxe2+ 16.
Kh1 Bd3 17. Qb3 $8 (17. Qd2 $2 Nxg3+ 18. hxg3 Bxf1 19. Qxd8 Bxg2+ 20. Kxg2 Rxd8
21. Bxa7 Bxb2 $19) (17. Qd1 Bxb2 18. Ra2 Nc3) 17... c5 $1 18. Bxa7 c4 19. Qb4
Nd4 (19... c3 $6 20. bxc3 Bxc3 21. Qb6 Bxa1 22. Qxd8 Rxd8 23. Rxa1 $16) 20.
Bxd4 (20. Rfe1 Nc2 $17) 20... Qxd4 (20... Bxf1 21. Bxg7 Bxg2+ 22. Kxg2 Qd5+ 23.
Kg1 Kxg7 24. Qxe7 $14) 21. b3 (21. Rfe1 Qxf2 $17) 21... Bxf1 (21... c3 $5 22.
Qxd4 Bxd4 23. Rad1 (23. Rfd1 c2 24. Rxd3 Bxa1 $19) 23... Bxf1 24. Rxf1 (24.
Rxd4 c2 $1 $19) (24. Bxf1 Bxf2 $15) 24... Rc8 25. Be4 $15) 22. Rxf1 cxb3 23.
Qxb3 Qa7 24. a4 Rb8 25. Qc4 e6 26. Be4 Bf8 27. Bc2 Bc5 28. Kg2 Rb4 29. Qc3 Qb7+
30. Qf3 Qxf3+ 31. Kxf3 Rc4 32. Bd1 Rc3+ 33. Ke2 (33. Kg2 Ra3 $15) 33... Kf8 34.
f4 Re3+ 35. Kd2 Ra3 36. Bc2 Bb4+ 37. Ke2 Rc3 {Ftacnik,L} 1/2-1/2

[Event "Olympiad-30"]
[Site "Manila"]
[Date "1992.06.18"]
[Round "10.1"]
[White "Ivanchuk, Vassily"]
[Black "Rozentalis, Eduardas"]
[Result "0-1"]
[WhiteElo "2720"]
[BlackElo "2585"]
[Annotator "Rozentalis,E"]
[PlyCount "66"]
[EventDate "1992.06.08"]
[EventType "team-swiss"]
[EventRounds "14"]
[EventCountry "PHI"]
[SourceTitle "CBM 030"]
[Source "ChessBase"]
[SourceDate "1992.10.01"]
[SourceVersion "1"]
[SourceVersionDate "1992.10.01"]
[SourceQuality "1"]
[WhiteTeam "Ukraine"]
[BlackTeam "Lithuania"]
[WhiteTeamCountry "UKR"]
[BlackTeamCountry "LTU"]

1. e4 e5 2. Nf3 Nf6 3. d4 Nxe4 4. Bd3 d5 5. Nxe5 Nd7 6. Nxd7 Bxd7 7. O-O Qh4 8.
c4 O-O-O 9. c5 g6 {A relatively new idea, the point of which is about to be
revealed.} 10. Nc3 Bg7 11. Ne2 (11. g3 Qf6 12. Be3 Bf5 {? Anand} (12... Ng5 $1
$13 {-> Anand: 30CBM_VC}) 13. Nb5 $5 {Anand,V-Huebner,R/Dortmund/1992/1-0/31/
-> CBM 29; 30VC [Anand]}) 11... Rhe8 12. a4 Ng5 {The point of ..g6 as opposed
to the normal ..g5, the g5 square is available for the knight which can come
to the excellent post e6 from where it attacks d4.} 13. Ra3 h6 14. Bc2 Rxe2 $1
{A brilliant positional exchange sacrfice based on, pressure on d4 and when
the pawn inevitably falls, lines for the bishops.} 15. Qxe2 Ne6 16. Qd1 (16.
Be3 Nxd4 17. Bxd4 Bxd4 $15) 16... Nxd4 17. Bb1 Bg4 18. f3 Bf5 {Black's slow
build up is very impressive. The c5 pawn will be weak and the Ra3 remains out
of play.} 19. Be3 Bxb1 20. Bf2 (20. Qxb1 Ne2+ 21. Kh1 Ng3+) 20... Qf4 21. Qxb1
Nc6 $1 {/\d5-d4.} 22. Rd1 a5 $1 {Securing the b4 outpost and ensuring the c5
pawn can never be supported.} 23. Qd3 Qc4 $1 {Another surprise, after the
queen exchange White has a lost ending.} 24. Rd2 (24. Qxc4 dxc4 25. Rxd8+ Kxd8
$19 {The c4 pawn will be decisive when b2 falls.} 26. Be1 Bxb2 27. Re3 Bd4)
24... Nb4 25. Qf1 h5 {Black even has time to give himself the option of ..Bh6
at some stage.} 26. g3 Qxf1+ 27. Kxf1 d4 {Now the plan of Rd5xc5 and then the
advance of the c pawn cannot be prevented.} 28. Ke2 Rd5 29. h3 Rxc5 30. g4 (30.
Bxd4 Bxd4 31. Rxd4 Nc2 $19) 30... Re5+ 31. Kd1 c5 32. Re2 Rxe2 33. Kxe2 c4 0-1

[Event "EU-chT (Men) 10th"]
[Site "Debrecen"]
[Date "1992.11.??"]
[Round "5.1"]
[White "Ivanchuk, Vassily"]
[Black "Rozentalis, Eduardas"]
[Result "1-0"]
[WhiteElo "2720"]
[BlackElo "2585"]
[Annotator "Bulletin"]
[PlyCount "39"]
[EventDate "1992.11.20"]
[EventType "team-swiss"]
[EventRounds "9"]
[EventCountry "HUN"]
[SourceTitle "EU-chT"]
[Source "ChessBase"]
[SourceDate "1999.07.01"]
[SourceVersion "2"]
[SourceVersionDate "1999.07.01"]
[SourceQuality "1"]
[WhiteTeam "Ukraine"]
[BlackTeam "Lithuania"]
[WhiteTeamCountry "UKR"]
[BlackTeamCountry "LTU"]

1. e4 e5 2. Nf3 Nf6 3. d4 Nxe4 4. Bd3 d5 5. Nxe5 Nd7 6. Nxd7 Bxd7 7. O-O Qh4 8.
c4 O-O-O 9. c5 g6 10. Nc3 Bg7 11. g3 Qh3 (11... Qf6 $142) 12. Nxd5 Bg4 (12...
Rhe8 13. Nf4 Qf5 14. Be3 $5 $16) 13. Ne7+ (13. Qb3 Bf3 14. Nf4 Ng5 $1 $13) (13.
Nf4 Bxd1 14. Nxh3 Bf3) 13... Kb8 (13... Kd7 14. Qa4+ $18) 14. Nc6+ Kc8 (14...
bxc6 15. Qb3+ $18) 15. Nxa7+ Kb8 16. Nc6+ Kc8 17. f3 (17. Be2 $2 Bxe2 18. Qxe2
Rhe8 {/\ Ng3}) (17. Ne7+ Kb8 {/\} 18. Be2 $2 Bxe2 19. Qxe2 Qe6 $1) 17... Rxd4 (
17... bxc6 18. Ba6+ Kd7 19. fxg4 $18) (17... Nxg3 $1 18. fxg4 Bxd4+ (18... Rxd4
19. Rf4 $1 Rhd8 20. Nxd4 Bxd4+ 21. Rxd4 $18 {- 18...Bd4}) 19. Nxd4 Rxd4 20. Rf4
$1 Rhd8 21. Rxd4 Rxd4 22. Qe1 $3 Rxd3 (22... Qxg4 23. hxg3 Rxd3 24. Be3 $1 $18)
23. Bf4 $5 (23. Bg5 $1 $18) (23. Bg5 $1 $18)) 18. Be3 Rxd3 (18... Nxg3 19. Bxd4
Bxd4+ 20. Nxd4) 19. Qxd3 Nxg3 20. Bf4 (20. Bf4 Nxf1 21. Ne7+ Kb8 22. Bxc7+ $18)
1-0

[Event "Linares 11th"]
[Site "Linares"]
[Date "1993.??.??"]
[Round "5"]
[White "Karpov, Anatoly"]
[Black "Ivanchuk, Vassily"]
[Result "1/2-1/2"]
[WhiteElo "2725"]
[BlackElo "2710"]
[Annotator "Dautov,R"]
[PlyCount "84"]
[EventDate "1993.02.??"]
[EventType "tourn"]
[EventRounds "13"]
[EventCountry "ESP"]
[EventCategory "18"]
[SourceTitle "CBM 034"]
[Source "ChessBase"]
[SourceDate "1993.06.01"]
[SourceVersion "1"]
[SourceVersionDate "1993.06.01"]
[SourceQuality "1"]

1. d4 Nf6 2. c4 e6 3. Nf3 b6 4. g3 Bb7 5. Bg2 Be7 6. Nc3 O-O 7. d5 (7. Qc2 c5
8. d5 exd5 9. Nh4 $14) 7... Bb4 8. Bd2 Bxc3 (8... c6 9. O-O (9. dxe6 dxe6 10.
O-O Nbd7 11. Qc2 Qe7 12. Rad1 Rad8 13. Bf4 e5 14. Bc1 Rfe8 15. a3 Bxc3 16. Qxc3
Ne4 17. Qc2 Nec5 18. Nh4 g6 19. b4 Ne6 20. Bb2 $14 {Gulko,B-Balashov,Y URS-ch
1977}) 9... Bxc3 (9... cxd5 10. Nxd5 Bxd2 11. Nxf6+ Qxf6 12. Qxd2 $14 {Ribli,Z}
) 10. Bxc3 (10. dxc6 dxc6 11. Bxc3 Nbd7 12. Qc2 c5 $10) 10... cxd5 (10... exd5
$5 11. Nh4 $44) 11. Nh4 Ne4 12. cxd5 Nxc3 13. bxc3 Qc7 {Ribli,Z-Farago,I
Dortmund 1987} 14. c4 Na6 15. Rc1 $14 {Ribli,Z}) 9. Bxc3 exd5 10. Nh4 Ne4 11.
cxd5 Nxc3 12. bxc3 d6 13. O-O Nd7 14. e4 Nc5 15. Qd4 $14 (15. f4 c6 (15... Qf6
16. Qd4 $14) 16. c4 Ba6 17. dxc6 Bxc4 18. Re1 b5 $5 $132) (15. Nf5 $5 $14)
15... Ba6 16. Rfe1 Qd7 17. f4 f6 18. Nf3 (18. e5 fxe5 19. fxe5 dxe5 20. Rxe5
Rae8 21. Rae1 Rxe5 22. Rxe5 Re8 $10) 18... Rae8 19. e5 (19. Re3 $5 c6 (19...
Qa4 20. Qxa4 Nxa4 21. Nd4 $14) 20. dxc6 Qxc6 21. e5 $36) 19... dxe5 20. fxe5
fxe5 21. Nxe5 Qd6 22. Re3 (22. Nc6 $5 $14) 22... Bb5 $1 23. Rae1 Nd7 24. Nc6
Rxe3 25. Rxe3 Nf6 $1 26. g4 (26. Nxa7 $2 Qa3 27. Nxb5 Qc1+ 28. Bf1 (28. Kf2
Ng4+ 29. Ke2 Rf2+ $19) 28... Ng4 $19) (26. Re6 Qa3 $1 27. h3 Qc1+ 28. Kh2 Qb2 {
/\} 29. Qf4 Bf1 $1 30. Qf3 Ng4+ $19) (26. h3 Bxc6 27. dxc6 Qxd4 28. cxd4 Re8
29. Ra3 a5 $10) 26... Bxc6 27. dxc6 Qxd4 28. cxd4 Re8 29. Ra3 Nxg4 (29... a5 $5
30. g5 Ne4 31. Re3 Nd6 $10) 30. Rxa7 Re1+ 31. Bf1 Rc1 32. Rxc7 Kf8 (32... Ne3
$2 33. Kf2 Nxf1 34. Ke2 $1 (34. d5 Nd2) 34... Nxh2 35. d5 Ng4 36. d6 Ne5 37. d7
$18) 33. Rc8+ (33. d5 Ne3 34. Kf2 Nxd5 35. Rc8+ Ke7 36. a4 Kd6 37. Bb5 Nc7 38.
Rd8+ Kc5 39. Rd7 Nxb5 40. c7 Kb4 41. axb5 Kxb5 42. Rxg7 h6 $10) 33... Ke7 34.
c7 Kd6 35. Rh8 Kxc7 36. Rxh7 $10 Kd6 37. Rxg7 Nxh2 38. Kxh2 Rxf1 39. Kg2 Ra1
40. Kf3 Rxa2 41. Ke4 Re2+ 42. Kd3 Re8 1/2-1/2

[Event "Interzonal-16"]
[Site "Biel"]
[Date "1993.??.??"]
[Round "9"]
[White "Ivanchuk, Vassily"]
[Black "Seirawan, Yasser"]
[Result "1/2-1/2"]
[WhiteElo "2705"]
[BlackElo "2575"]
[Annotator "Blatny,P"]
[PlyCount "63"]
[EventDate "1993.07.16"]
[EventType "swiss"]
[EventRounds "13"]
[EventCountry "SUI"]
[SourceTitle "CBM 037"]
[Source "ChessBase"]
[SourceDate "1993.12.01"]
[SourceVersion "1"]
[SourceVersionDate "1993.12.01"]
[SourceQuality "1"]

1. e4 c6 2. d4 d5 3. Nd2 dxe4 4. Nxe4 Bf5 5. Ng3 Bg6 6. h4 h6 7. Nf3 Nd7 8. h5
Bh7 9. Bd3 Bxd3 10. Qxd3 Qc7 11. Bd2 Ngf6 12. O-O-O e6 13. Ne4 Bd6 14. Kb1 $5
Bf4 $5 (14... Nxe4) 15. Bb4 $6 (15. Bxf4 Qxf4 16. Nxf6+ Nxf6 17. Qa3 $5 $14)
15... a5 $1 16. Ba3 (16. Bc3 $5) 16... Nxe4 17. Qxe4 Bd6 18. Bxd6 Qxd6 $10 19.
Ne5 O-O 20. f4 $1 Rfd8 21. g4 (21. Rd3 $5) 21... Nxe5 22. Qxe5 Qxe5 23. dxe5 f6
$1 24. Kc1 fxe5 25. fxe5 Kf7 $6 (25... Rd5 $1 26. Rxd5 exd5 (26... cxd5 27. Rh3
$14) 27. Rf1 Re8 (27... Rf8 28. Rf5) 28. Rf5 Re6 29. Kd2 g6 30. hxg6 Rxg6 31.
Rf4 Rg5 $5 $17) 26. Rdf1+ $1 $8 Ke7 27. g5 $1 Rd5 $8 (27... hxg5 $2 28. Rfg1
$16) 28. g6 Rf8 29. Rxf8 Kxf8 30. Rf1+ Ke8 31. Rf7 Rd7 32. Rxd7 1/2-1/2

[Event "Interzonal-16"]
[Site "Biel"]
[Date "1993.??.??"]
[Round "10"]
[White "Gulko, Boris F"]
[Black "Ivanchuk, Vassily"]
[Result "1/2-1/2"]
[WhiteElo "2635"]
[BlackElo "2705"]
[Annotator "Ftacnik,L"]
[PlyCount "155"]
[EventDate "1993.07.16"]
[EventType "swiss"]
[EventRounds "13"]
[EventCountry "SUI"]
[SourceTitle "CBM 037"]
[Source "ChessBase"]
[SourceDate "1993.12.01"]
[SourceVersion "1"]
[SourceVersionDate "1993.12.01"]
[SourceQuality "1"]

1. d4 Nf6 2. c4 g6 3. Nc3 Bg7 4. e4 d6 5. Be2 O-O 6. Bg5 h6 7. Be3 c5 8. dxc5
Qa5 9. Bd2 Qxc5 10. Nf3 Bg4 11. Be3 $5 (11. Rc1) (11. O-O) 11... Qa5 12. Nd2 (
12. O-O Bxf3 13. Bxf3 Nbd7 $13) 12... Bxe2 13. Qxe2 Nfd7 $5 14. Rc1 (14. O-O
Bxc3 15. bxc3 Kh7 $13) 14... Rc8 (14... Bxc3 15. Rxc3 Qxa2 16. Nb3 Qb1+ 17. Bc1
$16) 15. O-O Nc6 16. Rfd1 h5 17. a3 (17. Nb3 Qa6 $1 $13) 17... Qa6 $1 18. Nf3
Nb6 (18... Nde5 19. Nxe5 dxe5 20. Nb5 $16) 19. Bxb6 axb6 (19... Qxb6 $5 20. b4
Bxc3 21. Rxc3 a5) 20. Nd5 $1 e6 21. Nc3 Na7 22. Rxd6 Rxc4 23. Qe3 $1 (23. Rcd1
Bxc3 $1 (23... Nc6 24. e5 $16) 24. bxc3 Nc6 25. Ng5 Rxc3 26. Qd2 Qxa3 27. Nxf7
(27. Qf4 Rf8 28. Rd7 e5 29. Qf6 Rc1 30. Ne6 Rxd1+ 31. Rxd1 fxe6 32. Qxg6+ $10)
27... Kxf7 28. Qf4+ Kg7 (28... Kg8 29. Rd7 Rf8 30. Qg5 $18) 29. Rd7+ Ne7 30.
Qe5+ Kf7 31. Qf4+ Ke8 32. Qf6 Rc1 33. Rxe7+ Qxe7 34. Qxg6+ Kf8 $10) 23... Nc6
24. h3 $2 (24. e5 $1 Rc5 (24... b5 25. b3 Rxc3 26. Qxc3 Qxa3 27. Rcd1 $16) (
24... Qa5 25. b3 Rxc3 26. Rxc3 Nxe5 27. b4 Nxf3+ 28. gxf3 $16) (24... Bf8 25.
Rd7 Rd8 26. Rxd8 Nxd8 27. Rd1 Rc8 28. Ne4 $16) 25. Rcd1 $1 (25. b4 Rxe5 26.
Nxe5 Nxe5 27. Rxb6 (27. Qxb6 Qxb6 28. Rxb6 Nd3 29. Rc2 Rxa3 30. Nd1 Ra1 31. Rd2
Nb2 32. Rd8+ Kh7 33. Rbd6 Bf6 34. R8d7 Be5 35. Rd2 Bc3 36. R2d6 (36. Rxf7+ Kg8
37. Rdd7 Nxd1) 36... Be5 $10) 27... Qxa3 28. Nd1 (28. Rxb7 $2 Nd3 $19) 28...
Nd3 29. Rb1 Rd8 $13) 25... Qc4 (25... Nxe5 26. Rd8+ Rxd8 27. Rxd8+ Kh7 28. Ng5+
$18) (25... Bxe5 26. Rxc6 $18) 26. Ne4 Rd5 (26... Bxe5 27. Rxc6 $18) 27. R1xd5
exd5 28. Nf6+ $16) 24... b5 $1 25. Rcd1 b4 26. axb4 Rxb4 27. R1d2 $2 (27. Ng5
Qb6 $1 (27... Rxb2 $2 28. Nxf7 Kxf7 (28... Rb3 29. Rd7 Rxc3 30. Nh6+ Kh8 31.
Nf7+ $10) 29. Rd7+ Ne7 (29... Kg8 30. Rxg7+ Kxg7 31. Rd7+) 30. Qf4+ Ke8 31. Qg5
Qa3 32. R1d6 Bf8 33. Rxe7+ Bxe7 34. Qxg6+ $10) 28. Qf4 Rf8) (27. R6d2 Qb6)
27... Qa1+ 28. Kh2 Rxb2 29. Rxb2 Qxb2 30. e5 Qb4 31. Ne4 Nxe5 32. Nfg5 Nc4 33.
Rd4 Rf8 (33... Nxe3 34. Rxb4 Nf1+ 35. Kg1 Ra1 36. Rxb7 Be5 37. f4 Bd4+ 38. Kh1
Ng3+ 39. Kh2 h4 40. Nxg3 Bg1+ 41. Kh1 Bf2+ $19) 34. Qd3 b5 $1 (34... Bxd4 35.
Qxd4 e5 36. Qd5 Kg7 37. Nc5) 35. Rd8 Qe7 36. Rxf8+ Bxf8 37. f4 Bg7 38. Qb3 Qb7
39. Qb4 Qc7 $2 (39... Ne3 $19) 40. Qxb5 Nd6 $1 (40... Qxf4+ 41. g3 Qc7 42. Qe8+
Bf8 43. Nf6+ Kg7 44. Nd7 $18) (40... Qc8 41. Nxf7 Kxf7 42. Qxc4 $10) (40... Ne3
41. Qe8+ Bf8 42. Nxe6 fxe6 43. Qxg6+ $10) 41. Nxd6 Qxd6 42. Qe8+ Qf8 43. Qd7 $1
Bh6 44. h4 Bg7 45. g3 Bf6 46. Ne4 Be7 47. Ng5 Kg7 48. Qd4+ Bf6 49. Qd7 Bxg5 50.
hxg5 Qc5 51. Qd2 e5 52. fxe5 Qxe5 53. Kg2 Qe4+ 54. Kh2 Qf5 55. Qd4+ Kh7 56. Qd2
Qe5 57. Kh3 Kg8 58. Qd8+ Kg7 59. Qd2 $6 (59. Kg2 Qe2+ 60. Kg1 Qf3 61. Kh2 Qf2+
62. Kh1 Qxg3 63. Qh8+ $10) 59... Kf8 60. Qd8+ Qe8 61. Qd6+ Qe7 62. Qb8+ Kg7 63.
Qb2+ Kg8 64. Qb8+ Kg7 65. Qb2+ Kh7 66. Qd2 Kg8 67. Qf4 Qb7 68. Kh2 Qb2+ (68...
Kf8 69. Qd6+ Ke8 70. Qe5+ Kd7 (70... Qe7 71. Qb8+ Kd7 72. Qb7+ Kd6 73. Qb4+ Ke6
74. Qe4+ $10) 71. Qd4+ Kc7 72. Qe5+ Kc6 73. Qe4+ Kb6 74. Qd4+ $10) 69. Kg1 Kg7
70. Qe3 Qb1+ 71. Kg2 Qa2+ 72. Kg1 Qc4 73. Qe7 $1 $10 Qc6 74. Kf2 Qd5 75. Kg1
Qf3 76. Kh2 Qf2+ 77. Kh1 Qxg3 78. Qxf7+ 1/2-1/2

[Event "Tilburg rapid20"]
[Site "Tilburg"]
[Date "1993.??.??"]
[Round "2"]
[White "Hellers, Ferdinand"]
[Black "Ivanchuk, Vassily"]
[Result "1/2-1/2"]
[WhiteElo "2560"]
[BlackElo "2705"]
[Annotator "Ernst,T"]
[PlyCount "109"]
[EventDate "1993.11.??"]
[EventType "k.o. (rapid)"]
[EventRounds "7"]
[EventCountry "NED"]
[SourceTitle "CBM 039"]
[Source "ChessBase"]
[SourceDate "1994.04.01"]
[SourceVersion "1"]
[SourceVersionDate "1994.04.01"]
[SourceQuality "1"]

1. e4 e5 2. Nf3 Nc6 3. Bb5 a6 4. Ba4 Nf6 5. O-O Be7 6. Re1 b5 7. Bb3 d6 8. c3
O-O 9. h3 Bb7 10. d4 Re8 11. Nbd2 Bf8 12. a4 h6 13. Bc2 exd4 14. cxd4 Nb4 15.
Bb1 c5 16. d5 Nd7 17. Ra3 bxa4 18. Rxa4 (18. Nh2 $5 f5 19. Rg3 Nf6 20. e5 $13 {
Yurtaev,L-Ruderfer,M/USSR 48-477/1989/}) 18... a5 19. Ra3 Ba6 20. Rae3 g6 21.
b3 Bg7 22. Nf1 $1 (22. Nc4 $2 Bxc4 23. bxc4 a4 $17) 22... Bxf1 23. Kxf1 a4 24.
bxa4 Nb6 25. Qe2 Rxa4 26. h4 Ra1 27. Bb2 Bxb2 28. Qxb2 Qa8 29. R3e2 Nc4 30. Qc3
$2 (30. Qc1 $3 Na3 31. Qxh6 Nxb1 32. h5 gxh5 33. Nh4 Re5 34. Nf5 Qf8 (34...
Rxf5 35. exf5 $18) 35. Qg5+ Kh7 36. Qxh5+ Kg8 37. Qg4+ Kh8 38. Kg1 $18) 30...
Ne5 31. Nxe5 Rxe5 32. f4 Re8 33. h5 Ra3 34. Qb2 $1 (34. Qf6 Qd8 $15) 34... Rg3
$1 35. hxg6 fxg6 36. Kf2 Rg4 37. g3 Rf8 38. Re3 Qd8 39. Rh1 h5 40. Rf3 Qe7 (
40... h4 $13) 41. Kg2 Rf7 42. Qd2 h4 43. e5 $1 dxe5 44. d6 Qb7 45. Rxh4 Rxh4
46. gxh4 Rxf4 $1 (46... e4 47. Bxe4 Qxe4 48. d7 Nc6 49. d8=Q+ Nxd8 50. Qxd8+
$10) 47. Qe2 Qxf3+ 48. Qxf3 Rxf3 49. Kxf3 Kf7 50. Kg4 Ke6 $1 (50... Nd5 $2 51.
Ba2 $1 Ke6 52. Bxd5+ Kxd6 53. Bc4 $1 Ke7 54. Kg5 Kf8 55. Kxg6 e4 56. h5 e3 57.
Kh7 $1 $18) 51. Kg5 Kxd6 52. Kxg6 Nd5 53. h5 Nf4+ 54. Kg5 Nxh5 55. Kxh5 1/2-1/2

[Event "Tilburg rapid20"]
[Site "Tilburg"]
[Date "1993.??.??"]
[Round "5"]
[White "Georgiev, Kiril"]
[Black "Ivanchuk, Vassily"]
[Result "0-1"]
[WhiteElo "2660"]
[BlackElo "2705"]
[Annotator "Ftacnik,L"]
[PlyCount "68"]
[EventDate "1993.11.??"]
[EventType "k.o. (rapid)"]
[EventRounds "7"]
[EventCountry "NED"]
[SourceTitle "CBM 039"]
[Source "ChessBase"]
[SourceDate "1994.04.01"]
[SourceVersion "1"]
[SourceVersionDate "1994.04.01"]
[SourceQuality "1"]

1. e4 {Boensch} c5 2. Nf3 d6 3. d4 cxd4 4. Nxd4 Nf6 5. Nc3 a6 6. Bc4 e6 7. Bb3
b5 8. O-O Be7 9. Qf3 Qc7 10. Qg3 Nc6 11. Nxc6 Qxc6 12. Re1 Bb7 13. Qxg7 {
!? Boensch} (13. a4 $2 {Boensch} b4 14. a5 O-O 15. Na2 Nxe4 16. Qg4 f5 17.
Bxe6+ Kh8 18. Qe2 d5 {0-1 Vavra,P-Vokac,M Prague Bohemians (04) 1991}) (13. f3
{Boensch} O-O 14. Bh6 Ne8 15. Rad1 b4 16. Ne2 Qc5+ 17. Kh1 Bf6 18. Nf4 Kh8 19.
Nd3 Qb5 20. Bf4 Rd8 $10 {Rublevsky,S-Magerramov,E URS-ch58 (05) 1991 r 35}) (
13. a3 {Boensch} Rd8 14. f3 O-O 15. Bh6 Ne8 16. Kh1 Kh8 17. Bg5 Bxg5 18. Qxg5
Nf6 19. Rad1 Rd7 20. Rd3 Rfd8 $10 {Short,N-Kasparov,G (16) PCA-Wch (London)
1993 1-0 38}) 13... Rg8 14. Qh6 O-O-O 15. Qh3 (15. f3 Rg6 16. Qh4 Rdg8 17. Re2
Bd8 18. Qe1 Bb6+ 19. Kh1 Bd4 20. Bf4 Nh5 21. Be3 Bxe3 22. Rxe3 Qc5 $2 23. Nd5
$1 exd5 24. Rc3 $16 {Krason,J-Schurade,M/Olomouc/1989/1-0 (107)}) 15... Kb8 16.
f3 (16. a3 Rg6 17. Re2 Rdg8 18. f4 $2 d5 $1 $17 {Drozdov-Shnaider,A/USSR/1987/}
) 16... Rg6 17. a3 (17. Be3 Rdg8 18. Re2 Nd7 19. Nd5 exd5 20. Bxd5 Qc7 21. Bxf7
Bf6 22. Rd1 Bxb2 23. c4 Ba3 24. cxb5 $36 {Ivanchuk,V-Polugaevsky,L/Monaco
blind (01)/1993/1-0 (35)}) 17... Rdg8 18. Re2 h5 $5 19. Kh1 Qc7 20. Nd1 (20.
Bf4 $5 {Boensch}) (20. Be3 {Boensch}) 20... h4 21. Ne3 (21. Qxh4 $2 Nxe4) 21...
Nh5 22. Ng4 Qd8 $1 23. Bd2 Bg5 24. g3 f5 $1 $17 25. Ne3 fxe4 26. f4 Bxf4 27.
Bxe6 (27. gxf4 Nxf4 28. Qf1 Rg1+ $19) 27... Rxg3 $1 {!! Boensch} 28. hxg3 Nxg3+
29. Kg2 Nxe2+ 30. Bxg8 Qxg8+ 31. Kf2 (31. Kh1 Ng3+ 32. Kg1 Bc8 33. Qg2 h3 34.
Qf2 Qg5 $19) 31... Nd4 32. Nf5 (32. Qxh4 Qf8 $19) 32... Bxd2 33. Nxd4 e3+ 34.
Kf1 Qc4+ (34... Qc4+ 35. Ne2 Qf7+) 0-1

[Event "Linares 12th"]
[Site "Linares"]
[Date "1994.??.??"]
[Round "12"]
[White "Bareev, Evgeny"]
[Black "Ivanchuk, Vassily"]
[Result "1-0"]
[WhiteElo "2685"]
[BlackElo "2710"]
[Annotator "Bareev,E"]
[PlyCount "93"]
[EventDate "1994.02.??"]
[EventType "tourn"]
[EventRounds "13"]
[EventCountry "ESP"]
[EventCategory "18"]
[SourceTitle "CBM 040"]
[Source "ChessBase"]
[SourceDate "1994.06.01"]
[SourceVersion "1"]
[SourceVersionDate "1994.06.01"]
[SourceQuality "1"]

1. d4 d5 2. c4 dxc4 3. Nf3 a6 4. e3 e6 5. Bxc4 c5 6. a4 Nf6 7. O-O Nc6 8. Qe2
cxd4 9. Rd1 Be7 10. exd4 O-O 11. Nc3 Nb4 12. Bg5 (12. Ne5 b6 $1 {/\ Bb7}) 12...
Bd7 (12... b6 $2 13. Bxf6 Bxf6 14. d5 $16) 13. Ne5 Rc8 14. Re1 (14. Bb3 $5) (
14. Rac1 $5) 14... Be8 (14... Bc6 $6 15. Nxf7 Kxf7 (15... Rxf7 16. Qxe6 Bd5 17.
Nxd5 Nbxd5 18. Bxf6 Rxc4 19. Bxe7 $18) 16. Bxe6+ Kg6 17. Bxf6 $16) 15. Rad1
Nfd5 16. Nxd5 (16. Bxd5 Nxd5 17. Nxd5 Bxg5 18. Nc3 Bf6 $1 (18... Bc6 $2 19.
Nxc6 Rxc6 20. d5 exd5 21. Rxd5 Rd6 22. Red1 Rxd5 23. Rxd5 Qe7 24. Qxe7 Bxe7 25.
Rd7 $16) 19. d5 exd5 20. Rxd5 (20. Nxd5 $2 Bxa4 $1 21. Rd4 Bxe5 22. Qxe5 Re8
$19) 20... Qc7 $10) 16... Nxd5 $5 (16... exd5 17. Bxe7 Qxe7 18. Bb3 $10) 17.
Bxd5 Bxg5 (17... exd5 $2 18. Nc6 $18) 18. Bxb7 Bxa4 19. Bxc8 Bxd1 20. Qxa6 Qxc8
$1 (20... Qxd4 21. Bxe6 $1 $16) (20... Bb3 $14) 21. Qxc8 Rxc8 22. Rxd1 Rb8 23.
Rb1 Rb3 $2 (23... Rb4 $1 24. Nf3 Bf6 25. Kf1 g5 $1 (25... Kf8 26. Ke2 Bxd4 27.
Nxd4 Rxd4 28. b4 Ke7 29. b5 Kd7 30. b6 Kc8 31. Rc1+ Kb8 32. Rc7 $16) 26. g4 h5
27. h3 hxg4 28. hxg4 Kf8 29. Ke2 Bxd4 $10) 24. Kf1 h5 25. Ke2 h4 $2 (25... g6
$16) 26. h3 $18 Kf8 27. Nf3 Bf6 28. Kd2 Ke7 29. Kc2 Rb4 (29... Rb8 $1) 30. Kc3
Ra4 31. b4 Ra2 32. Rb2 Ra3+ 33. Kc4 Kd6 34. Ne5 $1 Ra7 (34... Bxe5 35. dxe5+
Kc6 (35... Kxe5 36. b5 Kd6 37. b6 Ra8 38. Kb5 $18) 36. Rb3 Ra2 37. Rf3 $18) 35.
b5 Bd8 36. Nc6 Ra4+ 37. Kb3 (37. Rb4 $18) 37... Ra8 38. Nxd8 Rxd8 39. Rc2 $1
Ra8 40. Kb4 Ra1 41. b6 g5 42. Kb5 Rb1+ 43. Ka6 Ra1+ 44. Kb7 f5 45. Rc6+ Kd7 (
45... Kd5 46. Kc7 $18) 46. Rc7+ Kd6 (46... Kd8 47. Kc6 $18) 47. Kb8 1-0

[Event "Amber-rapid 03rd"]
[Site "Monte Carlo"]
[Date "1994.03.28"]
[Round "3"]
[White "Ivanchuk, Vassily"]
[Black "Polgar, Judit"]
[Result "1-0"]
[WhiteElo "2710"]
[BlackElo "2630"]
[PlyCount "51"]
[EventDate "1994.03.26"]
[EventType "tourn (rapid)"]
[EventRounds "11"]
[EventCountry "MNC"]
[EventCategory "16"]
[SourceTitle "CBM 040 Extra"]
[Source "ChessBase"]
[SourceDate "1994.07.01"]
[SourceVersion "1"]
[SourceVersionDate "1994.07.01"]
[SourceQuality "1"]

1. e4 c5 2. Nf3 e6 3. d4 cxd4 4. Nxd4 a6 5. Bd3 Nf6 6. O-O Qc7 7. Nc3 Bc5 8.
Be3 b5 9. Ndxb5 axb5 10. Nxb5 Qe5 11. Bxc5 Qxc5 12. b4 Qb6 13. e5 Nd5 14. Nd6+
Ke7 15. Qh5 g6 16. Bxg6 Nc6 17. Be4 Kd8 18. b5 Nce7 19. c4 Nf4 20. Qf3 Nxg2 21.
Bxa8 Nh4 22. Qf6 Rg8+ 23. Kh1 Nhf5 24. Nxf5 Bb7+ 25. f3 Bxa8 26. Nxe7 1-0